TV Theme Song Phrases Quiz Stats

Quiz Updated Sep 13, 2015

Challenge
Share
Tweet
Embed
Score 0/40 Timer 10:00
1 Play Today
% Correct
SpongeBob SquarePants
85%
Two and a Half Men
82.7%
The Addams Family
79.9%
Friends
72.5%
The Fresh Prince of Bel-Air
70.2%
The Brady Bunch
65.8%
Family Guy
62.9%
The Big Bang Theory
59.1%
Married... with Children
58.3%
American Dad!
57.4%
New Girl
51%
CSI: Crime Scene Investigation
49.2%
Happy Days
49.1%
Golden Girls
46%
Scrubs
45.2%
Dawson's Creek
44.4%
Cheers
44%
The Powerpuff Girls
38.5%
Scooby-Doo, Where Are You!
38%
Nip|Tuck
37.1%
% Correct
Full House
36.9%
Gossip Girl
36%
Malcolm in the Middle
35.6%
The Sopranos
32.4%
Pokémon
32.3%
The Love Boat
30.6%
That's So Raven
29.5%
The King of Queens
27.3%
Smallville
24.7%
Pretty Little Liars
24.3%
That '70s Show
24.2%
Arrested Development
23.4%
The Magic School Bus
23.3%
Weeds
23.2%
7th Heaven
19.1%
The Twilight Zone
18%
One Tree Hill
16.9%
Gilmore Girls
16.5%
Baywatch
15.7%
True Blood
14.5%

You're not logged in!

Compare scores with friends on all Sporcle quizzes.
Sign Up with Email
OR
Log In

You Might Also Like...

Show Comments

Extras

Top Quizzes Today


Score Distribution

Your Account Isn't Verified!

In order to create a playlist on Sporcle, you need to verify the email address you used during registration. Go to your Sporcle Settings to finish the process.